000 00362nam a2200145Ia 4500
005 20250729165741.0
008 250729s2012 xx 000 0 und d
041 _akan
082 _a494.50 CHIK
100 _aR.G.Chikkamata
_9232083
245 _aKannada Vyakarana
260 _aGadag
_bMaruthi Book Center
_c2012
300 _a328p
650 _aKannada
_9232084
999 _c239605
_d239605